Biblioteca

La misión de las Sociedades Bíblicas en las Américas (4) (Registro nro. 52183)

Detalles MARC
000 -LÍDER
Campo fijo de descripción fija 01115aab a2200193 i 4500
001 - NÚMERO DE CONTROL
Campo de control 768714001
003 - IDENTIFICADOR DEL NÚMERO DE CONTROL
Campo de control CO-MdFUSB
005 - FECHA Y HORA DE LA ULTIMA TRANSACCIÓN
control field 20240424105638.0
008 - ELEMENTOS DE LONGITUD FIJA -- INFORMACIÓN GENERAL
Campo fijo de descripción fija -- Información general 221012s1996 ag ||||| |||| 00| 0 spa d
040 ## - FUENTE DE CATALOGACIÓN
Idioma de catalogación spa
Agencia que realiza la transcripción CO-MdFUSB
041 ## - CÓDIGO DE IDIOMA
Código de idioma para texto/pista de sonido o título separado spa
100 1# - ASIENTO PRINCIPAL--NOMBRE PERSONAL
Nombre personal Rooy, Sidney
Término relacionador autor
245 #3 - TÍTULO
Título La misión de las Sociedades Bíblicas en las Américas (4)
Mención de responsabilidad / Sidney Rooy
300 ## - DESCRIPCIÓN FÍSICA
Extensión Volumen 15, número 1 (enero - marzo, 1996), páginas: 23 - 25
Dimensiones ; 27 cm
520 ## - NOTA DE RESUMEN, ETC.
Nota de sumario, etc. Los primeros seiscientos ejemplares de la Biblia en español, enviados por la Sociedad Bíblica Británica y Extranjera (SBBE), llegaron a Buenos Aires y Montevideo en 1806. Entre 1804 y 1807, la Sociedad Bíblica imprimió veinte mil ejemplares del Nuevo Testamento en portugués, que marineros y comerciantes, viajeros y piadosos capitanes de barcos también diseminaron ejemplares del texto sagrado por las costas de América Latina.
653 ## - TÉRMINO DE INDIZACIÓN - NO CONTROLADO
Término no controlado Misión de las Sociedades Bíblicas en las Américas
773 0# - ASIENTO DE ITEM FUENTE
Título Iglesia y Misión
Biblionumber 49402
Itemnumber 59641
Parte(s) relacionada(s) / Volumen., número. (mes año), páginas Volumen 15, número 1 (enero - marzo, 1996), páginas: 23 - 25
Enumeración y primera página página: 23
942 ## - TIPO DE MATERIAL (KOHA)
Tipo de Item KOHA Artículos de Revista

No hay ítems disponibles.

Biblioteca FUSBC | Teléfono: (57+4) 349 88 10 Ext. 141| WhatsApp (+57) 3005338115 
E-mail: biblioteca@unisbc.edu.co | Calle 76 87-14 Robledo Palenque, Medellín, Colombia

Con tecnología Koha